000 00579nam a22001937a 4500
999 _c178968
_d178968
005 20210503120019.0
010 _aENG-129494
020 _c250.00
_a978-93-87162-65-5
035 _aEN-113026
037 _bDBAD/PUB
082 _a615.1
100 _aGhosh, Amit Kumar
245 _aPharcology :
_bQuest A Key to UG /
_cAmit Kumar Ghosh
250 _a2nd
260 _aKolkata
_bAcademic Publishers
_c2020
270 _a5A, Bhawani Dutta Lane
_bKolkata
_e700073
_mcontact@academicpublishers.in
300 _a208.p
_c24cm(pbk)
942 _2ddc
_cEN
_h615.1
_mGHO